COOPER AND GUNN'S DISPENSING FOR PHARMACEUTICAL STUDENTS (Record no. 767289)

MARC details
000 -LEADER
fixed length control field 00463nam a2200193Ia 4500
008 - FIXED-LENGTH DATA ELEMENTS--GENERAL INFORMATION
fixed length control field 230725s xx 000 0 und d
041 ## - LANGUAGE CODE
Language code of text/sound track or separate title eng
082 ## - DEWEY DECIMAL CLASSIFICATION NUMBER
Classification number 615.4
Item number CAR
100 ## - MAIN ENTRY--PERSONAL NAME
Personal name S.J.CARTER
245 ## - TITLE STATEMENT
Title COOPER AND GUNN'S DISPENSING FOR PHARMACEUTICAL STUDENTS
250 ## - EDITION STATEMENT
Edition statement 12TH
260 ## - PUBLICATION, DISTRIBUTION, ETC.
Place of publication, distribution, etc. DELHI
Name of publisher, distributor, etc. C.B.S. PUBLISHERS & DISTRUTORS
300 ## - PHYSICAL DESCRIPTION
Extent 759
365 ## - TRADE PRICE
Tax rate 1 20
500 ## - GENERAL NOTE
General note TEXT BOOK
501 ## - WITH NOTE
With note PH
520 ## - SUMMARY, ETC.
Summary, etc. PB
650 ## - SUBJECT ADDED ENTRY--TOPICAL TERM
Topical term or geographic name entry element PHARMACEUTICS

No items available.